00523nam a2200193 a 4500001001300000003000900013005001700022008004100039020002300080082001500103100001900118245006300137260003800200300000900238500003500247505001400282650001400296700001900310nice12345678IN_TiNIC20260116014822.0050524s2002 bana grp 000 0 eng  a8187380 c18000a304.8bTHA aTharakan, Siby aNowhere Peopleb Responses to Internally Displaced Persons aBangalorebBooks for Changec2002 a156p aincludes index and biblioraphy2 aFootnotes aMigration1 aTharakan, Siby